| 000 | 01013cab a2200301 4500 | ||
|---|---|---|---|
| 001 | ABS48348 | ||
| 008 | 090401t1993 xxu||||| |||| 00| 0 eng d | ||
| 035 | _a(Sirsi) u66300 | ||
| 041 | _aeng | ||
| 100 | _aEdwards, M. | ||
| 245 | _aCambridge Water Co case - hidden time bomb? | ||
| 260 | _c1993 | ||
| 350 | _a0 | ||
| 490 |
_aEstates Gazette _v(9309) 6 March 1993, 89-90(2) |
||
| 520 | _aDiscusses the case "Cambridge Water Co Ltd v Eastern Counties Leather plc" (WB2847-61) which concerned the presence of perchlorethane (PCE) in the water supply and has implications for anyone who owns or operates a contaminated site. | ||
| 650 | _aCAMBRIDGE WATER CO LTD V EASTERN COUNTIES LEATHER PLC | ||
| 650 | _aCONTAMINATED SITES | ||
| 650 | _aDIRECTIVE 80/778/EEC | ||
| 650 | _aENVIRONMENTAL LIABILITY | ||
| 650 | _aPOLLUTION | ||
| 650 | _aRYLANDS V FLETCHER | ||
| 650 | _aTANNERY | ||
| 650 | _aWATER AQUIFER | ||
| 650 | _aWATER SUPPLY | ||
| 690 | _aWATER | ||
| 942 | _n0 | ||
| 948 | _c04/03/1997 | ||
| 999 |
_c41451 _d41451 |
||